000 00461nam a2200157 4500
001 109666
003 ES-MaACL
005 20230906184903.0
007 t|
008 061121s1972 sp r ||||1| spa d
100 1 _aOmar, Alberto.
_987032
245 1 3 _aLa canción del morrocoyo /
_cAlberto Omar.
260 _aSanta Cruz de Tenerife :
_bCaja General de Ahorros : Ed. Católica,
_c1972.
300 _a189 p. ;
_c20 cm.
852 _aES-MaACL
_jC-43528
_bR.82542
999 _c109666
_d109666